000 00789nam a22002537a 4500
005 20170123162313.0
010 _aB-200936
020 _c150.00
035 _aB-200936
037 _bCen Lib/Ret
040 _aDPL
_bUR
082 _aک
_bا ن ص
100 _aانصاری، اقبال
_9596
245 _aیہاں /
_cاقبال انصاری
246 _aYahan /
_bby Iqbal Ansari
260 _aنیی دہلی
_bموحمد شیر آزاد انصاری
_c2005
270 _a176, پندو ناگر گلی نمبر ٣
_bنیی دہلی
_e110091
300 _a144p.
_c21cm(Hb)
650 _aاردو ادب
_9112642
650 _aاردو افسانے
_9112643
650 _aUrdu literature
_9112644
650 _aUrdu stories
_9112645
942 _2ddc
_cUR
_hک
_mا ن ص
999 _c106496
_d106496